[Event "Tournoi Skype 030A"]
[Site "Skype"]
[Date "????.??.??"]
[Round "6.33"]
[White "Hague, Mark"]
[Black "Junqueira, Leonardo De Faria"]
[Result "0-1"]
[WhiteElo "1395"]
[BlackElo "1408"]
[PlyCount "88"]

1. d4 c5 2. d5 Nf6 3. c4 d6 4. Nc3 Nbd7 5. Nf3 g6 6. e4 Bg7 7. Be2 O-O 8. Ng5
Nb6 9. b3 Nxe4 10. Ngxe4 Bf5 11. Qc2 Bxe4 12. Bd3 Bxd3 13. Qxd3 Nd7 14. Bb2 Ne5
15. Qe2 Qd7 16. Nd1 Qf5 17. O-O Qg5 18. f4 Qg4 19. Qe3 Nxc4 20. bxc4 Bxb2 21.
Nxb2 Qd7 22. Rae1 Rfe8 23. Rf2 Rab8 24. Ref1 e6 25. dxe6 Rxe6 26. Qd2 f5 27.
Re1 Rbe8 28. Rxe6 Qxe6 29. Kf1 Qf7 30. Qd5 Qxd5 31. cxd5 Re4 32. Re2 Rxf4+ 33.
Ke1 Rb4 34. Nd3 Rd4 35. Nxc5 dxc5 36. Re8+ Kf7 37. Ra8 Rxd5 38. Rxa7 Rd7 39. a4
Ke6 40. Ra5 c4 41. Rc5 Re7 42. Rxc4 Kd5+ 43. Kd2 Kxc4 44. a5 Kb4 0-1

[Event "Tournoi Skype 030A"]
[Site "Skype"]
[Date "????.??.??"]
[Round "6.34"]
[White "Couto, Januario"]
[Black "Zenini, Simone"]
[Result "0-1"]
[WhiteElo "1387"]
[BlackElo "1411"]
[PlyCount "48"]

1. e4 e5 2. Nf3 Nc6 3. Bb5 Nf6 4. Ng5 Bc5 5. O-O O-O 6. d3 d6 7. h3 Nd4 8. Bc4
b5 9. Bb3 a5 10. c3 Nxb3 11. axb3 c6 12. b4 Bb6 13. bxa5 Rxa5 14. Rxa5 Bxa5 15.
b4 Bb6 16. Nd2 d5 17. Re1 Re8 18. Nf1 dxe4 19. Nxe4 Nxe4 20. dxe4 Qxd1 21. Rxd1
Rd8 22. Rxd8+ Bxd8 23. Be3 f5 24. Ng3 f4 0-1

[Event "Tournoi Skype 030A"]
[Site "Skype"]
[Date "????.??.??"]
[Round "7.1"]
[White "Figueroa, Tomas"]
[Black "Deville, Olivier"]
[Result "1-0"]
[WhiteElo "2093"]
[BlackElo "1767"]
[PlyCount "65"]

1. d4 Nf6 2. Nf3 e6 3. g3 b5 4. Bg2 Bb7 5. O-O c5 6. Na3 a6 7. c4 b4 8. Nc2 Be7
9. d5 Qb6 10. Ne3 O-O 11. b3 a5 12. Bb2 Na6 13. Qd3 Rfd8 14. Rad1 d6 15. dxe6
fxe6 16. Ng5 Bxg2 17. Nxg2 Nc7 18. Bxf6 Bxf6 19. Qxh7+ Kf8 20. Qh5 Bxg5 21.
Qxg5 a4 22. Nf4 axb3 23. axb3 Qc6 24. Rd3 Qd7 25. Rf3 Kg8 26. Nh5 Ne8 27. Rd1
Ra2 28. e4 Rda8 29. Qxc5 Qb7 30. Qe3 Ra1 31. Rxa1 Rxa1+ 32. Kg2 d5 33. exd5 1-0

[Event "Tournoi Skype 030A"]
[Site "Skype"]
[Date "????.??.??"]
[Round "7.2"]
[White "Grosso, Raul"]
[Black "Mayor Martinez, Juan Jose"]
[Result "1/2-1/2"]
[WhiteElo "1746"]
[BlackElo "1749"]
[PlyCount "126"]

1. d4 d5 2. Bf4 Bf5 3. c4 e6 4. Qb3 b6 5. Nf3 c6 6. e3 Bd6 7. Bxd6 Qxd6 8. Nc3
Nd7 9. cxd5 exd5 10. Rc1 Ngf6 11. h3 h6 12. Ba6 Rb8 13. a4 O-O 14. O-O Bh7 15.
Rfd1 Rfe8 16. Nd2 Nf8 17. Nf3 N8d7 18. Ne2 c5 19. Qa3 Qe7 20. Bb5 c4 21. Qxe7
Rxe7 22. Bxd7 Nxd7 23. Nf4 Be4 24. Nd2 Nf6 25. Nxe4 Rxe4 26. Ne2 a6 27. Ra1 b5
28. axb5 axb5 29. Nc3 Re7 30. Ra5 Reb7 31. f3 Kf8 32. g4 g5 33. Kf2 Kg7 34. Rh1
Rb6 35. h4 gxh4 36. Rxh4 Kg6 37. Rh1 R6b7 38. Kg3 Rb6 39. Kf4 R8b7 40. e4 dxe4
41. fxe4 b4 42. Na4 Rb5 43. Ra6 Kg7 44. Rc1 Rc7 45. Nc5 Rcxc5 46. dxc5 Rxc5 47.
Rb6 Rg5 48. Rxc4 Nxg4 49. Rcxb4 Ne5 50. Rb3 f6 51. Rb7+ Kg6 52. Rg3 Nf7 53.
Rxf7 Kxf7 54. Rxg5 fxg5+ 55. Kf5 Ke7 56. e5 h5 57. Kxg5 Ke6 58. Kf4 h4 59. Kg4
Kxe5 60. Kxh4 Kd4 61. Kg3 Kc4 62. Kf2 Kb3 63. Ke3 Kxb2 1/2-1/2

[Event "Tournoi Skype 030A"]
[Site "Skype"]
[Date "????.??.??"]
[Round "7.3"]
[White "Garcia Andrinal, Antonio"]
[Black "Rico Hernandez, Edgar"]
[Result "0-1"]
[WhiteElo "1632"]
[BlackElo "1748"]
[PlyCount "20"]

1. e4 c6 2. Nf3 d5 3. Nc3 dxe4 4. Nxe4 Nd7 5. Qe2 Ndf6 6. Nxf6+ Nxf6 7. Ne5 Bf5
8. Qc4 e6 9. d3 Qa5+ 10. Qc3 Bb4 0-1

[Event "Tournoi Skype 030A"]
[Site "Skype"]
[Date "????.??.??"]
[Round "7.4"]
[White "Alarcon Alarcon, Florentina"]
[Black "Calcino, Luis"]
[Result "1-0"]
[WhiteElo "1378"]
[BlackElo "1694"]
[PlyCount "105"]

1. e4 Nf6 2. Nc3 d5 3. exd5 Nxd5 4. d4 e6 5. Nf3 c6 6. Bc4 Bb4 7. Bd2 Qa5 8.
Bxd5 cxd5 9. O-O Nc6 10. a3 Be7 11. Ne4 Qc7 12. Ng3 O-O 13. c3 a5 14. Re1 a4
15. Qc1 Na5 16. Bf4 Qd8 17. Rb1 Nc4 18. Ne5 Na5 19. Qc2 f6 20. Nf3 Nc4 21. Nd2
b5 22. Nxc4 bxc4 23. Ne2 Bd6 24. Bg3 Qc7 25. Qd2 Bd7 26. Nf4 Rae8 27. Re2 Re7
28. Nxd5 exd5 29. Rxe7 Bxg3 30. hxg3 Rf7 31. Rxf7 Kxf7 32. Re1 g5 33. Qe2 Qd6
34. f3 Bc6 35. Kf2 f5 36. Rh1 Kg6 37. Qe3 Bd7 38. f4 g4 39. Re1 Kf7 40. Qe5 Qb6
41. Qxd5+ Be6 42. Qe5 Qxb2+ 43. Re2 Qb6 44. Qh8 Kg6 45. Qe8+ Kf6 46. Qf8+ Bf7
47. Qc5 Qb7 48. Qb4 Qc6 49. Re5 Kg6 50. Qb5 Qa8 51. Qb6+ Kg7 52. Rxf5 Qe4 53.
Qf6+ 1-0

[Event "Tournoi Skype 030A"]
[Site "Skype"]
[Date "????.??.??"]
[Round "7.5"]
[White "Lambert, Pierre"]
[Black "Ram, Madhukesh"]
[Result "1/2-1/2"]
[WhiteElo "1660"]
[BlackElo "1245"]
[PlyCount "50"]

1. e4 c5 2. c3 d6 3. d4 cxd4 4. cxd4 Nf6 5. Nc3 a6 6. h3 g6 7. Nf3 Bg7 8. Be3
b5 9. Bd3 Bb7 10. Nd2 O-O 11. O-O Nc6 12. Rc1 Rc8 13. a3 Qd7 14. f4 Nh5 15. Nb3
e6 16. f5 exf5 17. exf5 Rce8 18. Nd5 Ne7 19. Rc7 Qd8 20. Rxe7 Rxe7 21. Nxe7+
Qxe7 22. Bd2 Re8 23. Re1 Qd7 24. Rxe8+ Qxe8 25. Qe1 Qxe1+ 1/2-1/2

[Event "Tournoi Skype 030A"]
[Site "Skype"]
[Date "????.??.??"]
[Round "7.7"]
[White "Le Brun, Yves"]
[Black "Caputi, Giuliano"]
[Result "0-1"]
[WhiteElo "1321"]
[BlackElo "1728"]
[PlyCount "36"]

1. d4 Nf6 2. Bf4 e6 3. Nd2 d5 4. e3 c5 5. c3 Nc6 6. Ngf3 Nh5 7. Bg5 Qb6 8. Qb3
h6 9. Qxb6 axb6 10. Bh4 g5 11. Ne5 Nxe5 12. dxe5 gxh4 13. Be2 Ng7 14. Nf3 Be7
15. Bb5+ Bd7 16. c4 Bxb5 17. cxb5 Ra4 18. Ke2 Rb4 0-1

[Event "Tournoi Skype 030A"]
[Site "Skype"]
[Date "????.??.??"]
[Round "7.8"]
[White "Elias, Roberto"]
[Black "Vasquez Cienfuegos, Oscar"]
[Result "1-0"]
[WhiteElo "1671"]
[BlackElo "1370"]
[PlyCount "79"]

1. c4 b6 2. Nc3 Bb7 3. e4 e6 4. d4 Bb4 5. d5 Na6 6. Nge2 exd5 7. cxd5 Nf6 8. a3
Bxc3+ 9. Nxc3 O-O 10. Bd3 Nc5 11. Bc2 Ba6 12. b4 Ncxe4 13. Nxe4 Re8 14. f3 Nxe4
15. fxe4 f5 16. Bb2 Qg5 17. Qf3 fxe4 18. Qg3 Qxg3+ 19. hxg3 Bc4 20. O-O-O Re7
21. Rd4 Bd3 22. Bxd3 exd3 23. Rxd3 Re2 24. Rg1 Rc8 25. Rd2 Re3 26. g4 Re4 27.
Rd4 Rce8 28. Rgd1 Re2 29. R4d2 R2e4 30. Rd4 Re2 31. R1d2 Re1+ 32. Kc2 g6 33. d6
c6 34. g5 Rh1 35. Rf4 h6 36. Rf6 hxg5 37. Rxg6+ Kh7 38. Rxg5 Kh6 39. Rg7 Rd1
40. Kxd1 1-0

[Event "Tournoi Skype 030A"]
[Site "Skype"]
[Date "????.??.??"]
[Round "7.9"]
[White "Espadina Solano, Jaime"]
[Black "Yeter, Orhan"]
[Result "1/2-1/2"]
[WhiteElo "1553"]
[BlackElo "1252"]
[PlyCount "94"]

1. e4 e5 2. Nf3 Nc6 3. Bb5 Nf6 4. d3 Bc5 5. c3 d6 6. O-O O-O 7. d4 exd4 8. cxd4
Bb6 9. h3 Nxe4 10. Qc2 d5 11. Bxc6 bxc6 12. Qxc6 Ba6 13. Re1 Qf6 14. Qxf6 gxf6
15. a4 c6 16. Bf4 Ba5 17. Re3 Kh8 18. Nc3 Nxc3 19. bxc3 Rfe8 20. Rae1 Rxe3 21.
Rxe3 Kg8 22. Nd2 h5 23. Nb3 Bb6 24. a5 Bd8 25. Re8+ Kg7 26. Bc7 Bc4 27. Nc5
Bxc7 28. Rxa8 Bxa5 29. Rxa7 Bxc3 30. Ne6+ Kg6 31. Nd8 Bxd4 32. Rxf7 c5 33. Rc7
Bb3 34. Ne6 Kf5 35. Nxc5 Bc4 36. Nb7 Ke4 37. Rh7 Be2 38. Nd6+ Kf4 39. Re7 Be5
40. Nf7 d4 41. g3+ Ke4 42. f4 d3 43. Kf2 h4 44. gxh4 Kxf4 45. Nxe5 fxe5 46. Ke1
e4 47. Kd2 Bf3 1/2-1/2

[Event "Tournoi Skype 030A"]
[Site "Skype"]
[Date "????.??.??"]
[Round "7.10"]
[White "Trivedi, Viral"]
[Black "Sanchez Ruiz, Justo"]
[Result "1-0"]
[WhiteElo "1210"]
[BlackElo "1550"]
[PlyCount "39"]

1. d4 Nf6 2. Bf4 e6 3. e3 c5 4. c3 cxd4 5. exd4 Be7 6. Nd2 b6 7. Ngf3 O-O 8.
Bd3 Ba6 9. Bc2 d5 10. h4 h6 11. Ne5 Nfd7 12. Qg4 Kh8 13. Ng6+ fxg6 14. Qxg6 Nf6
15. Bg5 Nbd7 16. Nf3 Qe8 17. Ne5 Bc8 18. Bxh6 Qxg6 19. Nxg6+ Kg8 20. Nxe7+ 1-0

[Event "Tournoi Skype 030A"]
[Site "Skype"]
[Date "????.??.??"]
[Round "7.11"]
[White "Hilton, Stephen"]
[Black "Karia, Vijay"]
[Result "1/2-1/2"]
[WhiteElo "1865"]
[BlackElo "1447"]
[PlyCount "23"]

1. d4 d5 2. Nf3 Nf6 3. Bf4 c5 4. c3 Qb6 5. Qb3 c4 6. Qxb6 axb6 7. Nbd2 b5 8. e3
b4 9. cxb4 b5 10. Be2 Bf5 11. O-O e6 12. a3 1/2-1/2

[Event "Tournoi Skype 030A"]
[Site "Skype"]
[Date "????.??.??"]
[Round "7.12"]
[White "Bagayatkar, Madan"]
[Black "Gungor, Gokhan"]
[Result "0-1"]
[WhiteElo "1405"]
[BlackElo "1579"]
[PlyCount "52"]

1. e4 e5 2. Nf3 Nc6 3. c3 Nf6 4. d3 Bc5 5. h3 d5 6. exd5 Qxd5 7. Be2 Bf5 8. b4
Be7 9. Be3 Rd8 10. O-O O-O 11. d4 exd4 12. Nxd4 Nxd4 13. Bxd4 Qe6 14. Qa4 Qxe2
15. Qxa7 Qb2 16. c4 Rxd4 17. Na3 Bxb4 18. Nb5 Rxc4 19. a4 c6 20. Nc7 Bd3 21.
Rfd1 Bc5 22. Qa5 Qxf2+ 23. Kh1 Be4 24. Rg1 Rc2 25. Rad1 Bxg2+ 26. Kh2 Bf3+ 0-1

[Event "Tournoi Skype 030A"]
[Site "Skype"]
[Date "????.??.??"]
[Round "7.13"]
[White "Casey, Eamonn"]
[Black "L'Herbon De Lussats, Jean"]
[Result "1-0"]
[WhiteElo "1538"]
[BlackElo "1245"]
[PlyCount "75"]

1. d4 d5 2. c4 c6 3. Nc3 Nf6 4. Bg5 e6 5. Nf3 Be7 6. e3 O-O 7. cxd5 cxd5 8. Bd3
a6 9. O-O Nc6 10. a3 Qc7 11. Qc2 Rd8 12. Bxf6 Bxf6 13. Bxh7+ Kf8 14. Bd3 e5 15.
dxe5 Nxe5 16. Nxe5 Bxe5 17. h3 Be6 18. Rac1 b5 19. Bf5 Qd6 20. Bxe6 Qxe6 21.
Qb3 Rac8 22. Rfd1 Rc4 23. Rd3 d4 24. Ne2 Ke7 25. exd4 Bxd4 26. Rxc4 Qxe2 27.
Qb4+ Kf6 28. Rcxd4 Re8 29. Rf3+ Kg6 30. Rg4+ Kh7 31. Rh4+ Kg8 32. Qf4 Qe1+ 33.
Kh2 f6 34. Rg4 Re6 35. Qh6 Qe5+ 36. Rfg3 f5 37. Rxg7+ Qxg7 38. Qxg7# 1-0

[Event "Tournoi Skype 030A"]
[Site "Skype"]
[Date "????.??.??"]
[Round "7.14"]
[White "Lovell, Stan"]
[Black "Carballo, Jorge"]
[Result "1-0"]
[WhiteElo "1511"]
[BlackElo "1367"]
[PlyCount "71"]

1. d4 d5 2. Nc3 Nf6 3. Bf4 a6 4. e3 e6 5. Bd3 c5 6. h3 Nc6 7. Nf3 cxd4 8. exd4
Bb4 9. O-O O-O 10. Ne2 Bd6 11. Ne5 Qc7 12. Nxc6 Qxc6 13. c3 Re8 14. Bc2 Bd7 15.
Re1 e5 16. dxe5 Bxe5 17. Qd3 Bxf4 18. Nxf4 Rxe1+ 19. Rxe1 Re8 20. Rd1 Qc4 21.
Nxd5 Qxd5 22. Qxd5 Nxd5 23. Rxd5 Bc6 24. Rd2 g6 25. f3 Re5 26. Kf2 Kg7 27. Rd4
Bb5 28. c4 Rc5 29. Bd3 Bc6 30. b4 Re5 31. Be4 Bxe4 32. Rxe4 Kf6 33. Ke3 Rg5 34.
g4 Re5 35. f4 Re7 36. g5+ 1-0

[Event "Tournoi Skype 030A"]
[Site "Skype"]
[Date "????.??.??"]
[Round "7.15"]
[White "Chavero, Victor"]
[Black "Engstrom, Olle"]
[Result "0-1"]
[WhiteElo "1286"]
[BlackElo "1438"]
[PlyCount "96"]

1. d4 Nf6 2. e3 e6 3. Bd3 d5 4. Nd2 c5 5. c3 Nc6 6. Ngf3 Bd6 7. O-O O-O 8. Re1
e5 9. dxe5 Bxe5 10. Bb5 Bg4 11. Qa4 Re8 12. Bxc6 bxc6 13. Qxc6 Rc8 14. Qa4 Bd7
15. Qxa7 Bd6 16. Qa6 Qc7 17. Qe2 Bg4 18. h3 Bh5 19. Nb3 Ne4 20. a4 Ng5 21. g4
Nxf3+ 22. Qxf3 Bg6 23. Nxc5 Bxc5 24. Bd2 Bd6 25. a5 Be4 26. Qd1 Re6 27. f3 Bh2+
28. Kh1 Qg3 29. fxe4 Qxh3 30. Qe2 Bg3+ 31. Kg1 Rh6 32. Qg2 Qxg4 33. Re2 Rcc6
34. exd5 Rcd6 35. e4 Rh2 36. a6 Rg6 37. a7 Rxg2+ 38. Rxg2 Bf2+ 39. Kf1 Qxg2+
40. Ke2 Bxa7+ 41. Kd3 Rg3+ 42. Kc2 Qxe4+ 43. Kb3 Qxd5+ 44. Kc2 Qd3+ 45. Kb3 Rg6
46. Re1 Rb6+ 47. Ka2 Qb5 48. b3 Qxb3+ 0-1

[Event "Tournoi Skype 030A"]
[Site "Skype"]
[Date "????.??.??"]
[Round "7.16"]
[White "Calderon, Francisco"]
[Black "Mishra, Sourabh"]
[Result "0-1"]
[WhiteElo "1604"]
[BlackElo "1284"]
[PlyCount "46"]

1. e4 c6 2. Bc4 d5 3. exd5 cxd5 4. Bb3 Nf6 5. d4 e6 6. Nf3 Nc6 7. c3 Bd6 8. O-O
O-O 9. Bg5 h6 10. Bh4 g5 11. Bg3 Bxg3 12. fxg3 Ng4 13. Qd3 f5 14. h3 Nf6 15.
Re1 Ne4 16. Kh2 Qd6 17. Ng1 f4 18. gxf4 Qxf4+ 19. g3 Qf2+ 20. Kh1 Nxg3+ 21.
Qxg3 Qxg3 22. Nd2 Rf2 23. Ndf3 Qg2# 0-1

[Event "Tournoi Skype 030A"]
[Site "Skype"]
[Date "????.??.??"]
[Round "7.19"]
[White "Alvarez, Juan Evangelista"]
[Black "Navghane, Rahul"]
[Result "0-1"]
[WhiteElo "1529"]
[BlackElo "1007"]
[PlyCount "34"]

1. c4 b6 2. e4 Bb7 3. Nc3 e6 4. d4 Bb4 5. Bd3 d5 6. Qa4+ Nc6 7. cxd5 exd5 8. e5
Nge7 9. Nge2 O-O 10. a3 Bxc3+ 11. bxc3 a6 12. O-O b5 13. Qc2 Ng6 14. f4 Qh4 15.
Rf3 Bc8 16. f5 Nge7 17. Rh3 Qe1# 0-1

[Event "Tournoi Skype 030A"]
[Site "Skype"]
[Date "????.??.??"]
[Round "7.20"]
[White "Vaswani, Manohar"]
[Black "Saponara, Jose Maria"]
[Result "0-1"]
[WhiteElo "1226"]
[BlackElo "1525"]
[PlyCount "112"]

1. e4 c5 2. Bc4 e6 3. Nf3 a6 4. c3 b5 5. Be2 Bb7 6. e5 Nc6 7. d4 cxd4 8. cxd4
Qc7 9. Bf4 Nge7 10. Nc3 Ng6 11. Bg3 Bb4 12. Rc1 Rd8 13. O-O Qb8 14. Re1 O-O 15.
Bd3 Nce7 16. Ne4 Bxe1 17. Qxe1 Nf5 18. Qd1 Bxe4 19. Bxe4 Nxg3 20. hxg3 d6 21.
exd6 Rxd6 22. Qc2 Rdd8 23. Rd1 Rc8 24. Qd3 f5 25. Ng5 fxe4 26. Qxe4 Rf6 27. d5
Qe5 28. Qxe5 Nxe5 29. dxe6 h6 30. e7 Nc6 31. Ne4 Nxe7 32. Nxf6+ gxf6 33. Kf1
Kf7 34. Ke2 Rc2+ 35. Rd2 Rxd2+ 36. Kxd2 Ke6 37. Ke3 Ke5 38. f4+ Kd5 39. g4 f5
40. gxf5 Nxf5+ 41. Kd3 h5 42. Kc3 a5 43. a3 Ne3 44. g3 Nf5 45. Kd3 Nxg3 46. Ke3
h4 47. Kf3 Nf5 48. Kg4 Ke4 49. b4 a4 50. Kh3 Kf3 51. Kh2 Kxf4 52. Kh3 Kf3 53.
Kh2 Ke3 54. Kh3 Kd3 55. Kg4 Kc3 56. Kh3 Kb3 0-1

[Event "Tournoi Skype 030A"]
[Site "Skype"]
[Date "????.??.??"]
[Round "7.21"]
[White "Graham, Neil"]
[Black "Khetre, Gaurav"]
[Result "0-1"]
[WhiteElo "1285"]
[BlackElo "1540"]
[PlyCount "110"]

1. d4 d5 2. Nf3 Nf6 3. Bf4 g6 4. e3 Bg7 5. c4 dxc4 6. Bxc4 O-O 7. O-O Nbd7 8.
Nc3 c5 9. Nb5 cxd4 10. Nc7 Rb8 11. Ne6 fxe6 12. Bxb8 Nxb8 13. Nxd4 Nc6 14. Nxe6
Bxe6 15. Bxe6+ Kh8 16. Qb3 Qc7 17. Rfd1 Ne4 18. f3 Nc5 19. Qd5 Nb4 20. Qc4 Qb6
21. Bf7 e6 22. a3 Nba6 23. Qf4 Qc7 24. Qxc7 Nxc7 25. Rac1 N7a6 26. b4 Rxf7 27.
bxc5 Bb2 28. Rb1 Bxa3 29. Rxb7 Rxb7 30. Ra1 Bxc5 31. Rxa6 Bxe3+ 32. Kf1 Bb6 33.
Ke2 Rc7 34. Ra2 Kg7 35. Kd3 Kf6 36. Ke4 Rc4+ 37. Kd3 Rc1 38. h3 h5 39. Kd2 Rg1
40. Kd3 Kf5 41. g4+ hxg4 42. hxg4+ Kf4 43. Re2 e5 44. Re4+ Kxf3 45. Rxe5 Rxg4
46. Re8 g5 47. Rf8+ Kg3 48. Ke2 Rf4 49. Rg8 g4 50. Rg6 Kg2 51. Ke1 g3 52. Ke2
Kh3 53. Rh6+ Rh4 54. Rc6 g2 55. Rc3+ Kh2 0-1

[Event "Tournoi Skype 030A"]
[Site "Skype"]
[Date "????.??.??"]
[Round "7.22"]
[White "Bendre, Pankaj"]
[Black "Lucena Vaz, Jose"]
[Result "1/2-1/2"]
[WhiteElo "1182"]
[BlackElo "1674"]
[PlyCount "69"]

1. d4 g6 2. Nf3 Bg7 3. g3 Nf6 4. Bg2 c6 5. Nc3 O-O 6. e4 d6 7. O-O Bg4 8. Qe1
Re8 9. e5 Nfd7 10. exd6 exd6 11. Qd2 Nf6 12. Qd3 Bf5 13. Qd1 Ne4 14. Ne2 d5 15.
c3 Nd7 16. Be3 Qb6 17. Qc1 Nd6 18. Nd2 Bd3 19. Re1 Nf5 20. Nf4 Nxe3 21. Nxd3
Nxg2 22. Rxe8+ Rxe8 23. Kxg2 Bh6 24. Qd1 Nf6 25. Nf3 Qb5 26. a4 Qb6 27. Nfe5
Qc7 28. Qf3 Bg7 29. Re1 Ne4 30. Qf4 Qe7 31. f3 f6 32. Ng4 g5 33. Qc1 Qd7 34.
Qd1 Nd6 35. Rxe8+ 1/2-1/2

[Event "Tournoi Skype 030A"]
[Site "Skype"]
[Date "????.??.??"]
[Round "7.23"]
[White "Hadla, Mohammad Ali"]
[Black "Grib, Johannes"]
[Result "1-0"]
[WhiteElo "1627"]
[BlackElo "1328"]
[PlyCount "61"]

1. e4 e5 2. Bc4 Nf6 3. Nf3 Nc6 4. Ng5 d5 5. exd5 Nd4 6. c3 Nxd5 7. d3 Ne6 8.
Nxe6 Bxe6 9. O-O Bd6 10. Bb3 O-O 11. Qf3 c6 12. Be3 Nf4 13. Bxf4 exf4 14. Nd2
Bxb3 15. Nxb3 f5 16. Nd4 Qd7 17. Rfe1 Rae8 18. Re2 c5 19. Rxe8 Rxe8 20. Qd5+
Kh8 21. Nxf5 Re6 22. Nxd6 Qxd6 23. Qxb7 h6 24. Qf3 Qe5 25. h3 Qg5 26. Rd1 h5
27. Rd2 g6 28. Re2 Rxe2 29. Qxe2 Qd5 30. Qe8+ Kg7 31. Qe7+ 1-0

[Event "Tournoi Skype 030A"]
[Site "Skype"]
[Date "????.??.??"]
[Round "7.24"]
[White "Ramirez Reina, Orlando"]
[Black "Tembhurnekar, Ritu"]
[Result "1/2-1/2"]
[WhiteElo "1402"]
[BlackElo "1011"]
[PlyCount "110"]

1. e4 e5 2. Nf3 Nc6 3. Bc4 Bc5 4. Bb3 Nf6 5. Nxe5 Nxe5 6. d4 Bd6 7. dxe5 Bxe5
8. Qe2 O-O 9. O-O c6 10. a4 a5 11. Nd2 Re8 12. Nf3 Bc7 13. Nd2 d5 14. f3 dxe4
15. fxe4 Bb6+ 16. Kh1 Bg4 17. Qd3 Qc7 18. h3 Rad8 19. Qc4 Be6 20. Qe2 Bxb3 21.
cxb3 Qg3 22. Qf3 Qe5 23. Nc4 Qd4 24. Nxb6 Qxb6 25. Bg5 Rd6 26. e5 Rxe5 27. Bxf6
Rxf6 28. Qg3 Rxf1+ 29. Rxf1 Qd4 30. Qc3 Qd6 31. Kg1 h6 32. Qc4 Re6 33. Qf4 Qc5+
34. Qf2 Qh5 35. Qb6 Qe5 36. Qxb7 Rf6 37. Rxf6 Qxf6 38. Qa8+ Kh7 39. Qxa5 Qxb2
40. Qb4 f5 41. Qc4 Qf6 42. b4 f4 43. a5 f3 44. gxf3 Qxf3 45. Qg4 Qe3+ 46. Kf1
Qc1+ 47. Kf2 Qb2+ 48. Ke3 Qc3+ 49. Ke2 Qc2+ 50. Ke1 Qb1+ 51. Kd2 Qb2+ 52. Kd3
Qb3+ 53. Kd2 Qb2+ 54. Kd3 Qb3+ 55. Kd2 Qb2+ 1/2-1/2

[Event "Tournoi Skype 030A"]
[Site "Skype"]
[Date "????.??.??"]
[Round "7.25"]
[White "Perrone, Gabriel Lorenzo"]
[Black "Vello, Pablo"]
[Result "1/2-1/2"]
[WhiteElo "1359"]
[BlackElo "1135"]
[PlyCount "72"]

1. d4 Nf6 2. c4 e6 3. Nf3 Bb4+ 4. Bd2 Bxd2+ 5. Nbxd2 O-O 6. e4 d6 7. Be2 Qe7 8.
e5 dxe5 9. Nxe5 Nbd7 10. Ndf3 Rd8 11. O-O Nxe5 12. Nxe5 Nd7 13. Nf3 b6 14. Re1
Bb7 15. a3 Nf6 16. Qc2 Be4 17. Qc3 Rac8 18. b4 c6 19. Rac1 Qc7 20. c5 Ng4 21.
Ba6 Rb8 22. Rxe4 Nf6 23. Ree1 bxc5 24. Qxc5 Rd5 25. Qxc6 Qxc6 26. Rxc6 Ne8 27.
Rec1 Rdd8 28. Rc8 Rbxc8 29. Rxc8 Rxc8 30. Bxc8 Nd6 31. Bd7 Nc4 32. a4 Nb6 33.
Kf1 Nxd7 34. Ke2 Kf8 35. Kd3 Nb6 36. a5 Nd7 1/2-1/2

[Event "Tournoi Skype 030A"]
[Site "Skype"]
[Date "????.??.??"]
[Round "7.26"]
[White "Lopes, Marcia Maria"]
[Black "Pouteau, Pascal"]
[Result "1/2-1/2"]
[WhiteElo "1321"]
[BlackElo "1349"]
[PlyCount "103"]

1. d4 d5 2. Bf4 Nf6 3. Nf3 e6 4. e3 Bb4+ 5. c3 Be7 6. Bd3 c5 7. Nbd2 Nc6 8. h3
Bd7 9. O-O Qb6 10. Qb3 Qxb3 11. axb3 a6 12. Rfe1 O-O 13. Ne5 Nxe5 14. dxe5 Nh5
15. Bh2 g6 16. Be2 Ng7 17. Nf3 Rac8 18. Red1 Nf5 19. c4 Bc6 20. Bf4 d4 21. exd4
Bxf3 22. Bxf3 Nxd4 23. Rd3 Nxf3+ 24. Rxf3 Kg7 25. Rd3 Rcd8 26. Rad1 Rxd3 27.
Rxd3 Rd8 28. Rxd8 Bxd8 29. Bg3 h5 30. Kf1 h4 31. Bf4 Bc7 32. g3 hxg3 33. fxg3
Bd8 34. Ke2 f6 35. h4 g5 36. hxg5 fxg5 37. Be3 Bc7 38. g4 Bxe5 39. Bxc5 Bxb2
40. Kd3 Kf7 41. Ke4 Ke8 42. Bd4 Bxd4 43. Kxd4 Ke7 44. Ke5 Kf7 45. c5 a5 46. Kd6
Kf6 47. Kc7 e5 48. Kxb7 e4 49. c6 e3 50. c7 e2 51. c8=Q e1=Q 52. Qf8+ 1/2-1/2

[Event "Tournoi Skype 030A"]
[Site "Skype"]
[Date "????.??.??"]
[Round "7.27"]
[White "Sequeda Pimiento, Javier Ricardo"]
[Black "Kruk, Clementine"]
[Result "0-1"]
[WhiteElo "1434"]
[BlackElo "1313"]
[PlyCount "88"]

1. e4 e5 2. Nf3 Nc6 3. d4 exd4 4. Nxd4 Bc5 5. c3 Qf6 6. Be3 Nge7 7. Nb5 Bxe3 8.
Nxc7+ Kd8 9. fxe3 Kxc7 10. Bd3 Ne5 11. Na3 Qb6 12. Nb5+ Kd8 13. Qe2 d6 14. O-O
N7c6 15. Nxd6 Ke7 16. Nf5+ Bxf5 17. Rxf5 Rad8 18. Bb5 Rd6 19. Raf1 f6 20. Bxc6
Qxc6 21. Qc2 Rhd8 22. Qb3 Qxe4 23. Kh1 R8d7 24. Qg8 Qg4 25. Rxe5+ fxe5 26. Rf7+
Ke6 27. Rxg7+ Kf6 28. Qf8+ Ke6 29. Qg8+ Kf5 30. Qf8+ Rf6 31. Kg1 Rxg7 32. Qc8+
Re6 33. Qf8+ Ke4 34. Qb4+ Kd3 35. Qb5+ Kxe3 36. Qc5+ Ke4 37. Qc4+ Kf5 38. Qd3+
e4 39. Qd5+ Re5 40. Qd2 e3 41. Qd3+ Qe4 42. Qf1+ Ke6 43. Qe2 Rf5 44. h3 Rf2 0-1

[Event "Tournoi Skype 030A"]
[Site "Skype"]
[Date "????.??.??"]
[Round "7.29"]
[White "Galani, Mahendra"]
[Black "Pasasin, Alejandro"]
[Result "1/2-1/2"]
[WhiteElo "1395"]
[BlackElo "1304"]
[PlyCount "131"]

1. e4 e5 2. Ne2 d6 3. d4 exd4 4. Qxd4 Nf6 5. Nbc3 Nc6 6. Qd3 Ne5 7. Qb5+ c6 8.
Qb3 Be6 9. Qxb7 Bd7 10. Ng3 g6 11. Qa6 Bg7 12. Be2 O-O 13. Be3 Qc7 14. O-O Rfb8
15. Rab1 Bc8 16. Qa3 d5 17. exd5 Nxd5 18. Nxd5 cxd5 19. c3 Bf8 20. b4 a5 21.
Qc1 axb4 22. Qc2 Qxc3 23. Qxc3 bxc3 24. Rxb8 Rxb8 25. Bd4 Nc4 26. Bxc3 Ra8 27.
Ra1 Na3 28. Bd1 Be6 29. Ne2 Nb5 30. Bb2 Na3 31. Bf6 Bf5 32. Bb3 Nc2 33. Rd1 Nb4
34. Nc3 Ra6 35. Bg5 f6 36. Be3 Be6 37. Nxd5 Nxd5 38. Bxd5 Bxd5 39. Rxd5 Rxa2
40. g3 Kf7 41. Rd7+ Be7 42. Bc5 Re2 43. Kg2 Ke8 44. Rc7 h5 45. Kf3 Re1 46. Rc8+
Kd7 47. Bxe7 Kxc8 48. Bxf6 Kd7 49. Bg5 Ke6 50. Bd2 Re5 51. Bf4 Rf5 52. g4 hxg4+
53. Kxg4 Kf6 54. h4 Rb5 55. Be3 Rb4+ 56. Bf4 Rc4 57. Kg3 Kf5 58. Bh6 Rc3+ 59.
f3 Rc2 60. Be3 Rc3 61. Bd2 Ra3 62. Bb4 Ra1 63. Bc5 Rc1 64. Be3 Re1 65. Bf2 Re2
66. Bc5 1/2-1/2

[Event "Tournoi Skype 030A"]
[Site "Skype"]
[Date "????.??.??"]
[Round "7.30"]
[White "Marino, Giuseppe"]
[Black "Pantaleon, Julio"]
[Result "1/2-1/2"]
[WhiteElo "1339"]
[BlackElo "1241"]
[PlyCount "133"]

1. d4 Nf6 2. e3 b6 3. Nf3 Bb7 4. Bd3 e6 5. a3 d6 6. O-O Be7 7. Nbd2 O-O 8. Re1
Nbd7 9. c3 e5 10. dxe5 dxe5 11. Qc2 e4 12. Nxe4 Nxe4 13. Bxe4 Bxe4 14. Qxe4 Nc5
15. Qc2 Bd6 16. b4 Ne6 17. Bb2 Re8 18. Rad1 Ng5 19. Nxg5 Qxg5 20. g3 Re6 21.
Bc1 Qg4 22. Qe2 Qh3 23. Qf3 Rae8 24. Qg2 Qf5 25. Bb2 Rg6 26. e4 Qe5 27. Re2 h5
28. c4 Qe6 29. Qf3 h4 30. Qd3 hxg3 31. fxg3 Qg4 32. Rg2 Rxe4 33. Bc3 Rxc4 34.
Bd4 Re6 35. Bf2 Rc3 36. Qd4 Qxd4 37. Bxd4 Rxa3 38. Rb2 Ra4 39. Bc3 Re3 40. Be1
Raa3 41. Kg2 Re4 42. Kh3 Rae3 43. Rbb1 Re2 44. Bd2 Rf2 45. Re1 Rxe1 46. Bxe1
Re2 47. Rd1 f5 48. Bd2 Kh7 49. Bf4 Kg6 50. Bxd6 cxd6 51. Rxd6+ Kg5 52. Rd7 g6
53. Rd5 Re4 54. Rb5 Re2 55. Rd5 Rb2 56. Rd7 Rxb4 57. Rxa7 b5 58. Rc7 Rb2 59.
Rc5 Kh5 60. Rd5 Kg5 61. Rc5 b4 62. Rb5 b3 63. Rb4 Kh5 64. Rh4+ Kg5 65. Rb4 Rb1
66. Rb5 Rb2 67. Rb4 1/2-1/2

[Event "Tournoi Skype 030A"]
[Site "Skype"]
[Date "????.??.??"]
[Round "7.31"]
[White "Sauvaget, Joel"]
[Black "Munoz Gonzalez, Martin"]
[Result "0-1"]
[WhiteElo "1290"]
[BlackElo "1412"]
[PlyCount "58"]

1. e4 Nf6 2. Nc3 d5 3. e5 d4 4. exf6 dxc3 5. bxc3 exf6 6. h3 Bd6 7. Nf3 O-O 8.
Be2 Re8 9. O-O Nd7 10. d4 Nb6 11. a4 c6 12. Re1 Nd5 13. Bd2 Be6 14. c4 Nf4 15.
Bf1 Bc7 16. c5 Bd5 17. c4 Bxf3 18. Qxf3 Qxd4 19. Be3 Qe4 20. Qd1 Qg6 21. Qf3
Nd3 22. Red1 Ne5 23. Qe2 Qf5 24. Kh1 Nd7 25. Qd2 Nxc5 26. Bxc5 Qxc5 27. Re1 Qd6
28. Rxe8+ Rxe8 29. Kg1 Qh2# 0-1